Postaw na milion 368 - Statystyki

Ogólne statystyki
  • Ten quiz został rozwiązany 22 razy
  • Średni wynik to 6 z 11
Statystyki odpowiedzi
Zagadnienie Odpowiedź % Poprawnych
Zachowanie znamionujące brak kultury, złe wychowanie, prostactwo to pogardliwie... buractwo
89%
Która litera alfabetu greckiego nie oznacza rodzaju promieniowania jonizującego, emitowanego przez substancje radioaktywne? delta
84%
Na mapie świata nie ma: Morza Niebieskiego
84%
Stronami intercyzy są: małżonkowie
68%
Ich połączenie w niemal nierozdzielną parę zawdzięczamy Ludwikowi XIV. Które to przyprawy? sól i pieprz
47%
Britney Spears w słynnym teledysku do piosenki "Ooops.... I did it again" ma na sobie obcisły, błyszczący kombinezon w kolorze: czerwonym
42%
W 2024 roku w Polsce wyrejestrowano z powodu kradzieży 5327 aut. Najwięcej w województwie mazowieckim. A które jest na drugim miejscu? dolnośląskie
32%
Najbardziej nielubianym miliarderem wg sondażu Reutersa i IPSOS z lutego 2025r. jest... Marc Zuckerberg
26%
Wg World Happiness Report 2025 czołówka rankingu najszczęśliwszych państw świata to Finlandia, Dania i Islandia. A które z tych znalazło się najwyżej ? Niemcy
26%
Jak się nazywa agent Janek, bohater"Stawki większej niż życie", podszywający się pod Hansa Klossa? Stanisław Kolicki
26%
W zestawieniu najdroższych ulic świata wg firmy Cushman & Wakefield pierwsze miejsce w 2024 roku należy do: Via Monte Napoleone w Mediolanie
26%
Nie znaleziono quizów pasujących do podanych kryteriów
Rozkład punktacji
Procent ludzi z każdym wynikiem
Percentyl według liczby udzielonych odpowiedzi
Twoja historia wyników
Nie rozwiązałeś tego quizu